आलम आरा ते मुगल ए आझम. (Record no. 748661)

MARC details
000 -LEADER
fixed length control field 00625nam a2200181Ia 4500
008 - FIXED-LENGTH DATA ELEMENTS--GENERAL INFORMATION
fixed length control field 100920s9999 xx 000 0 und d
082 ## - DEWEY DECIMAL CLASSIFICATION NUMBER
Item number 108237
Classification number 891.464 0
100 ## - MAIN ENTRY--PERSONAL NAME
Personal name जोशी प्रभा.
245 ## - TITLE STATEMENT
Title आलम आरा ते मुगल ए आझम.
260 ## - PUBLICATION, DISTRIBUTION, ETC. (IMPRINT)
Name of publisher, distributor, etc ब्लू बर्ड लिमिटेड,पुणे.
Date of publication, distribution, etc 0
300 ## - PHYSICAL DESCRIPTION
Extent 149
Other physical details साधी
365 ## - TRADE PRICE
Price amount 175
520 ## - SUMMARY, ETC.
Summary, etc निबंध.
630 ## - SUBJECT ADDED ENTRY--UNIFORM TITLE
Uniform title आलम आरा ते मुगल ए आझम.
650 ## - SUBJECT ADDED ENTRY--TOPICAL TERM
Topical term or geographic name as entry element निबंध.
730 ## - ADDED ENTRY--UNIFORM TITLE
Uniform title आलम आरा ते मुगल ए आझम.
942 ## - ADDED ENTRY ELEMENTS (KOHA)
Koha item type Book
Holdings
Withdrawn status Lost status Damaged status Not for loan Home library Current library Shelving location Date acquired Cost, normal purchase price Total Checkouts Barcode Date last seen Price effective from Koha item type Public note
        Shri Chhatrapati Pratapsinh Maharaj ( Thorle) Nagar Vachanalaya, Satara Shri Chhatrapati Pratapsinh Maharaj ( Thorle) Nagar Vachanalaya, Satara     175.00   SATVAC-108237 09/20/2010 09/20/2010 Book देवघेव